V CONGRESO NACIONAL DE INVESTIGACION EDUCATIVA (Registro nro. 43955)
[ vista simple ]
| 000 -LEADER | |
|---|---|
| fixed length control field | 00983nam a2200181 a 4500 |
| 001 - CONTROL NUMBER | |
| control field | 43955 |
| 005 - DATE AND TIME OF LATEST TRANSACTION | |
| control field | 20180714022640.0 |
| 008 - FIXED-LENGTH DATA ELEMENTS--GENERAL INFORMATION | |
| fixed length control field | 140415s2000 mx 000 0 spa d |
| 020 ## - INTERNATIONAL STANDARD BOOK NUMBER | |
| International Standard Book Number | 9687542179 |
| 041 ## - LANGUAGE CODE | |
| Language code of text/sound track or separate title | spa |
| 082 ## - DEWEY DECIMAL CLASSIFICATION NUMBER | |
| Classification number | 370.7 |
| Item number | QUI |
| 245 00 - TITLE STATEMENT | |
| Title | V CONGRESO NACIONAL DE INVESTIGACION EDUCATIVA |
| 250 ## - EDITION STATEMENT | |
| Edition statement | 1a ed. |
| 260 ## - PUBLICATION, DISTRIBUTION, ETC. | |
| Place of publication, distribution, etc. | MEXICO : |
| Name of publisher, distributor, etc. | UNIVERSIDAD DE COLIMA, |
| Date of publication, distribution, etc. | 2000 |
| 300 ## - PHYSICAL DESCRIPTION | |
| Extent | 478 |
| Dimensions | 14 x 3 x 21 |
| 520 ## - SUMMARY, ETC. | |
| Summary, etc. | LOS CONGRESOS NACIONALES DE INVESTIGACIÓN EDUCATIVA, ORGANIZADOS A PARTIR DE SU TERCERA EDICIÓN POR EL CONSEJO MEXICANO DE INVESTIGACIÓN EDUCATIVA, SE HAN CONVERTIDO EN ESPACIOS PRIVILEGIADOS NO SÓLO PARA LA DIFUSIÓN DE LOS RESULTADOS DE LA INVESTIGACIÓN EDUCATIVA QUE SE REALIZA EN MÉXICO, SINO, DE MANERA SUSTANCIAL, PARA LA REFLEXIÓN TEÓRICA Y METODOLÓGICA LIGADA SIEMPRE A LOS PROCESOS INVESTIGATIVOS. SE TRATA DE OCASIONES IDÓNEAS EN LAS QUE SE REUNEN, AL MISMO TIEMPO, JÓVENES INVESTI |
| 650 14 - SUBJECT ADDED ENTRY--TOPICAL TERM | |
| Topical term or geographic name entry element | INVESTIGACION EDUCATIVA |
| Withdrawn status | Lost status | Source of classification or shelving scheme | Damaged status | Not for loan | Collection code | Home library | Current library | Shelving location | Date acquired | Source of acquisition | Inventory number | Total Checkouts | Full call number | Barcode | Date last seen | Date last checked out | Price effective from | Koha item type |
|---|---|---|---|---|---|---|---|---|---|---|---|---|---|---|---|---|---|---|
| Dewey Decimal Classification | General | Biblioteca Karol Wojtyla | Biblioteca Karol Wojtyla | Sala general | 03/12/2013 | Compra | 151000000000000000043150 | 1 | 370.7 QUI | 66090 | 05/01/2026 | 02/10/2018 | 03/12/2013 | Libro |